| 000 | 00632nam a22001817a 4500 | ||
|---|---|---|---|
| 003 | BUBTL | ||
| 008 | 190410b xxu||||| |||| 00| 0 eng d | ||
| 020 | _a978-984*401-062-8 | ||
| 082 | _a891.444 / AZN | ||
| 100 |
_92274 _aআজাদ, হুমায়ুন |
||
| 245 |
_aনির্বাচিত প্রবন্ধ / _cহুমায়ুন আজাদ |
||
| 260 |
_aঢাকা : _bআগামী প্রকাশনী, _cc1999 |
||
| 300 |
_a319 p. : _c22 cm. |
||
| 650 | 0 |
_91687 _aবাংলা সাহিত্য |
|
| 856 |
_k0 _l0 _yDownload |
||
| 942 |
_2ddc _cBK |
||
| 999 |
_c5971 _d5971 |
||